| 000 -LEADER |
| fixed length control field |
00848nam a2200265 4500 |
| 001 - CONTROL NUMBER |
| control field |
22723 |
| 003 - CONTROL NUMBER IDENTIFIER |
| control field |
BD-DhUAP |
| 005 - DATE AND TIME OF LATEST TRANSACTION |
| control field |
20250626123421.0 |
| 008 - FIXED-LENGTH DATA ELEMENTS--GENERAL INFORMATION |
| fixed length control field |
060401s2005 ii a 000 0 eng |
| 020 ## - INTERNATIONAL STANDARD BOOK NUMBER |
| Canceled/invalid ISBN |
9843228187 |
| 040 ## - CATALOGING SOURCE |
| Original cataloging agency |
BD-DhUAP |
| Transcribing agency |
BD-DhUAP |
| Modifying agency |
BD-DhUAP |
| Language of cataloging |
Eng |
| Description conventions |
BD-DhUAP |
| 082 ## - DEWEY DECIMAL CLASSIFICATION NUMBER |
| Edition number |
23 |
| Classification number |
394.2695492 FES |
| 245 00 - TITLE STATEMENT |
| Title |
Festivals of Bangladesh / |
| Statement of responsibility, etc. |
editorial board, Anisuzzaman, Shamsuzzaman Khan, Syed Manzoorul Islam. |
| 246 30 - VARYING FORM OF TITLE |
| Title proper/short title |
Bangladesh |
| 250 ## - EDITION STATEMENT |
| Edition statement |
1st ed. |
| 260 ## - PUBLICATION, DISTRIBUTION, ETC. |
| Place of publication, distribution, etc. |
Dhaka : |
| Name of publisher, distributor, etc. |
Nymphea Publication, |
| Date of publication, distribution, etc. |
2005. |
| 300 ## - PHYSICAL DESCRIPTION |
| Extent |
117 p. : |
| Other physical details |
col. ill. ; |
| Dimensions |
27 x 30 cm. |
| 650 ## - SUBJECT ADDED ENTRY--TOPICAL TERM |
| Topical term or geographic name entry element |
Bangladesh Social life and customs. |
| 650 ## - SUBJECT ADDED ENTRY--TOPICAL TERM |
| Topical term or geographic name entry element |
Fasts and feasts Bangladesh. |
| 650 ## - SUBJECT ADDED ENTRY--TOPICAL TERM |
| Topical term or geographic name entry element |
Manners and customs. |
| 700 0# - ADDED ENTRY--PERSONAL NAME |
| Personal name |
Ānisujjāmāna. |
| 700 1# - ADDED ENTRY--PERSONAL NAME |
| Personal name |
Khāna, Śāmasujjāmāna. |
| 700 1# - ADDED ENTRY--PERSONAL NAME |
| Personal name |
Isalāma, Saiẏada Manajurula. |
| 942 ## - ADDED ENTRY ELEMENTS (KOHA) |
| Source of classification or shelving scheme |
|
| Koha item type |
Book |